ბათუმის შოთა რუსთაველის სახელმწიფო უნივერსიტეტის ბიბლიოთეკა

ბოსტნეული და ხეხილოვანი კულტურების სელექცია და მეთესლეობა. (ბიბ.ჩანაწერი № 44723)

000 -LEADER
fixed length control field 01135nam a2200229Ia 4500
001 - CONTROL NUMBER
control field 11528
003 - CONTROL NUMBER IDENTIFIER
control field GE_BSU
008 - FIXED-LENGTH DATA ELEMENTS--GENERAL INFORMATION
fixed length control field 181216s||||||||xx |||||||||||||| ||und||
040 ## - CATALOGING SOURCE
Transcribing agency GE_BSU
080 ## - UNIVERSAL DECIMAL CLASSIFICATION NUMBER
Universal Decimal Classification number 634
100 ## - MAIN ENTRY--PERSONAL NAME
Personal name ილოვაისკი,ა; ი.კაპელევი; პ.კიბალოვი.
245 ## - TITLE STATEMENT
Title ბოსტნეული და ხეხილოვანი კულტურების სელექცია და მეთესლეობა.
245 ## - TITLE STATEMENT
Remainder of title სახელმძღვ.მეხილეობა–მებოსტნეობის სპეც.სას.–სამ. ტექნიკუმებისათვის.
245 ## - TITLE STATEMENT
Statement of responsibility, etc. რედ:ელ.ფიფია;მთარგმ:გ.კაპატაძე.
260 ## - PUBLICATION, DISTRIBUTION, ETC.
Place of publication, distribution, etc. თბილისი.
260 ## - PUBLICATION, DISTRIBUTION, ETC.
Name of publisher, distributor, etc. განათლება.
260 ## - PUBLICATION, DISTRIBUTION, ETC.
Date of publication, distribution, etc. 1975.
300 ## - PHYSICAL DESCRIPTION
Extent 348გვ;21სმ.
300 ## - PHYSICAL DESCRIPTION
Accompanying material ილ.
653 ## - INDEX TERM--UNCONTROLLED
Uncontrolled term ბოსტნეული და ხეხილოვანი კულტურების სელექცია და მეთესლეობა.
942 ## - ADDED ENTRY ELEMENTS (KOHA)
Koha item type წიგნი
ეგზემპლარები
Withdrawn status Lost status Damaged status Not for loan Date acquired Barcode Date last seen Price effective from Koha item type
        2018-12-17 20146 2018-12-17 2018-12-17 წიგნი
        2018-12-17 20147 2018-12-17 2018-12-17 წიგნი
        2018-12-17 20148 2018-12-17 2018-12-17 წიგნი
        2018-12-17 20149 2018-12-17 2018-12-17 წიგნი
        2018-12-17 20150 2018-12-17 2018-12-17 წიგნი